| 000 | 00696nam a2200229 a 4500 | ||
|---|---|---|---|
| 999 |
_c3255 _d3255 |
||
| 001 | 3255 | ||
| 003 | BD-JhCC | ||
| 005 | 20171112185016.0 | ||
| 008 | 171112s19791983bg |||| ||a| 000 0 ben d | ||
| 035 | _a(BD-JhCC)3255 | ||
| 040 |
_aBD-JhCC _dBD-JhCC |
||
| 041 | _aben | ||
| 082 |
_a891.443 _bCHA 1983 |
||
| 100 | _aচন্দর, কৃষণ | ||
| 245 |
_aরুটি কাপড়া মাকান / _cকৃষণ চন্দর, |
||
| 260 |
_aঢাকা : _bমুক্তধারা প্রকাশন, _c1983 |
||
| 300 |
_a68 p. : _c20 cm. |
||
| 650 | _aBengali Novel | ||
| 700 | _aরহমান, শফিকুর (অনু) | ||
| 942 |
_2ddc _cBK |
||